000 00800nam a22002175i 4500
001 168440
003 ES-MaACL
005 20230906213807.0
008 080410s1969 fr |||| | fre d
080 _a811.133.1'367.625
100 1 _aRat, Maurice.
_995518
245 1 3 _aLe participe et ses règles d'accord
_b: définition, règles, exercices d'application et corrigés explicatifs /
_cMaurice Rat.
250 _aNouvelle édition revue et augmentée.
260 _aParis :
_bGarnier Frères,
_c[1969]
300 _a80 p. ;
_c18 cm.
490 1 _aLe français facile pour tous
650 1 4 _aLengua francesa-
_xVerbo.
_9137582
830 0 _aLe français facile pour tous
_9222731
852 _aES-MaACL
_jE-12213
_9R.190429
_z.- Biblioteca Jacinto Martínez Lacalle
999 _c168440
_d168440